• 首页
  • 本馆介绍
  • 公告通知
  • 最新文献
  • 馆藏检索
  • 电子资源
  • 读者导购
  • 参考咨询
  • 我的图书馆
  • 登录
  • 详细信息显示
  • 放入我的书架
  • 预约/预借图书
  • 作者相关作品
  • 分类相关作品
  • 丛书相关作品
  • 出版社相关作品

书目信息

  • 表格格式
  • 工作单格式
  • 卡片格式
题名:
交响配器法
    
 
作者: 瓦西连科 著 ;福尔图那托夫 , 张洪模 编订
分册: 第二卷·上  
出版信息: 北京   人民音乐出版社  1963
页数: 407页
开本: 20cm
丛书名:
单 册:
中图分类: J614.4
科图分类:
主题词: 交响乐--管弦乐法 , 管弦乐法 , 交响乐
电子资源:
ISBN: 7-103-00401-3
000 01030nam0 2200277 450
001 002422170
005 20070806175845.21
010    @a7-103-00401-3@dCNY36.00(上下卷)
100    @a20030804e20021963em y0chiy0110 ea
101 1  @achi@crus
102    @aCN@b110000
105    @ag z 000yy
200 1  @a交响配器法@9jiao xiang pei qi fa@h第二卷·上@f(苏)С.瓦西连科(С.Василенко)著@g( )Ю.福尔图那托夫编订@g张洪模译
210    @a北京@c人民音乐出版社@d1963@h2002重印
215    @a407页@d20cm
305    @a中华版权代理总公司代理版权
330    @a本书介绍了交响曲的管弦乐知识,作者运用简明易懂的文字,详细阐述了变型乐器、管乐器与弦乐器的同度结合、配器中的支持与强调等内容。
606 0  @a交响乐@x管弦乐法
606 0  @a管弦乐法
606 0  @a交响乐
690    @aJ614.4@v4
701  0 @c(苏)@a瓦西连科@9wa xi lian ke@c(Василенко, С.)@4著
702  0 @c(俄罗斯)@a福尔图那托夫@9fu er tu na tuo fu@4编订
702  0 @a张洪模@9zhang hong mo@4译
801  0 @aCN@bNLC@c20070806
905    @a10447@dJ614.4@e536:2(1)
    
    交响配器法.第二卷·上/(苏)С.瓦西连科(С.Василенко)著/( )Ю.福尔图那托夫编订/张洪模译.-北京:人民音乐出版社,1963(2002重印)
    407页;20cm
    
    
    ISBN 7-103-00401-3:CNY36.00(上下卷)
    本书介绍了交响曲的管弦乐知识,作者运用简明易懂的文字,详细阐述了变型乐器、管乐器与弦乐器的同度结合、配器中的支持与强调等内容。
●
相关链接 在E读中查询图书 在五车中查询图书 在当当中查询图书 在豆瓣中查询图书


正题名:交响配器法     索取号:J614.4/536:2(1)         预约/预借

序号 登录号 条形码 馆藏地/架位号 状态 备注
1 0805092   208050927   第一样本阅览室/ [索取号:J614.4/536:2(1)] 在馆    
2 0805093   208050936   第一借阅区/ [索取号:J614.4/536:2(1)] 在馆    
3 0805094   208050945   第一借阅区/ [索取号:J614.4/536:2(1)] 在馆    
4 0805095   208050954   第一借阅区/ [索取号:J614.4/536:2(1)] 在馆    
5 0805096   208050963   第一借阅区/ [索取号:J614.4/536:2(1)] 在馆    
6 0805097   208050972   第一借阅区/ [索取号:J614.4/536:2(1)] 在馆    
7 0805098   208050981   第一借阅区/ [索取号:J614.4/536:2(1)] 在馆    
8 0805099   208050990   密集书库-音乐系/ [索取号:J614.4/536:2(1)] 在馆    
9 0805100   208051007   密集书库-音乐系/ [索取号:J614.4/536:2(1)] 在馆    
10 0805101   208051016   密集书库-音乐系/ [索取号:J614.4/536:2(1)] 在馆    
唐山师范学院图书馆 欢迎您!
大连网信软件有限公司© 版权所有